000 00490nam a2200193Ia 4500
005 20250423095328.0
008 250422s9999 xx 000 0 und d
020 _a9781292020686
050 _aBF 76.5 .S24 /
100 _aSalkind, Neil J.
245 0 _aExploring research
250 _a8th ed.
260 _aHarlow
260 _bPearson
260 _c2014
300 _a386 p
650 _aPsychology _ Research _ Methodology. Education _ Research _ Methodology.
942 _cBK
999 _c29941
_d29941